| 000 | 00797nas a2200253 4500 | ||
|---|---|---|---|
| 001 | BR8707552 | ||
| 003 | BR-BrBNA | ||
| 005 | 20231205090936.0 | ||
| 007 | ta | ||
| 008 | 230509b bl.|||p| |||| 00| 00por d | ||
| 040 |
_aBR-BrBNA _bpor _cBiblioteca Nacional de Agricultura |
||
| 041 | _a(Pt) | ||
| 072 | _aQ54 | ||
| 100 | 1 | _aGoncalves, L.C. | |
| 245 | 1 | _aConcentrados para cabras em lactacao | |
| 650 | _aCAPRINO | ||
| 650 | _aCOMPOSICAO DE ALIMENTO | ||
| 650 | _aCONCENTRADO ENERGETICO | ||
| 650 | _aCONCENTRADO PROTEICO | ||
| 650 | _aCONCENTRADO VITAMINICO | ||
| 773 | 0 |
_tInforme Agropecuario - Empresa de Pesquisa Agropecuaria de Minas Gerais (Brazil) _xISSN 0100-3364 _g(Feb 1987), v. 13(146) p. 27-33 _wBR8707552 |
|
| 909 |
_a202311 _bLúcia _c55 _dLúcia Elande |
||
| 942 |
_2AGRIS _n0 _cANA |
||
| 999 |
_c121779 _d121779 |
||